Statistiques concernant Pays en 10 lettres

Cliquez ici pour prendre le quiz!

Statistiques générales

  • Ce quiz a été pris 42 fois
  • Le résultat moyen est 8 sur 13

Statistiques - réponses

Pays% Correct
Royaume-Uni
81%
Corée du sud
78%
Saint-Marin
75%
Kazakhstan
72%
Luxembourg
72%
Madagascar
72%
Monténégro
69%
Mauritanie
66%
Micronésie
66%
Mozambique
66%
Bangladesh
63%
Seychelles
44%
île Maurice
22%

Distribution des résultats

Percentile par nombre de réponses

% des personnes avec chaque résultat

Votre développement - résultats

Vous n’avez pas pris ce quiz